| 000 | 06733cam a22012134i 4500 | ||
|---|---|---|---|
| 003 | PE-LiUPU | ||
| 005 | 20250731165407.0 | ||
| 008 | 151012s2015 pe r 000 0 spa d | ||
| 020 |
_a9786124616976 _q(colección) |
||
| 020 |
_a9786124616983 _q(tomo 1) |
||
| 020 |
_a9786124616990 _q(tomo 2) |
||
| 020 |
_a9786124284007 _q(tomo 3) |
||
| 020 |
_a9786124284014 _q(tomo 4) |
||
| 020 |
_a9786124284021 _q(tomo 5) |
||
| 020 |
_a9786124284038 _q(tomo 6) |
||
| 020 |
_a9786124284045 _q(tomo 7) |
||
| 020 |
_a9786124284052 _q(tomo 8) |
||
| 020 |
_a9786124284069 _q(tomo 9) |
||
| 020 |
_a9786124284076 _q(tomo 10) |
||
| 020 |
_a9786124284083 _q(tomo 11) |
||
| 020 |
_a9786124284090 _q(tomo 12) |
||
| 020 |
_a6124616971 _q(colección) |
||
| 020 |
_a612461698X _q(tomo 1) |
||
| 020 |
_a6124616998 _q(tomo 2) |
||
| 020 |
_a6124284006 _q(tomo 3) |
||
| 020 |
_a6124284014 _q(tomo 4) |
||
| 020 |
_a6124284022 _q(tomo 5) |
||
| 020 |
_a6124284030 _q(tomo 6) |
||
| 020 |
_a6124284049 _q(tomo 7) |
||
| 020 |
_a6124284057 _q(tomo 8) |
||
| 020 |
_a6124284065 _q(tomo 9) |
||
| 020 |
_a6124284073 _q(tomo 10) |
||
| 020 |
_a6124284081 _q(tomo 11) |
||
| 020 |
_a612428409X _q(tomo 12) |
||
| 035 | _a(Sirsi) i9786124616976 | ||
| 040 |
_aPE-LiUPU _bspa _cPE-LiUPU _erda |
||
| 049 | _aPRUA | ||
| 082 | 0 | 4 |
_a463d _bR31 _221 |
| 100 | 2 |
_aReal Academia Española, _eautor. |
|
| 245 | 1 | 0 |
_aDiccionario de la lengua española / _cReal Academia Española. |
| 250 | _aVigesimotercera edición. | ||
| 264 | 1 |
_aLima : _bEspasa, _c2015. |
|
| 300 |
_a12 tomos ; _c30 cm |
||
| 336 |
_atext _2rdacontent |
||
| 337 |
_aunmediated _2rdamedia |
||
| 338 |
_avolume _2rdacarrier |
||
| 500 | _a"Edición del Tricentenario" | ||
| 505 | 0 |
_gTomo 1. _aA-anglicismo. |
|
| 505 | 0 |
_gTomo 2. _aAnglicista-bretón. |
|
| 505 | 0 |
_gTomo 3. _aBretoniano-cipotada1. |
|
| 505 | 0 |
_gTomo 4. _aCipotada2-desalhajar. |
|
| 505 | 0 |
_gTomo 5. _aDesaliento-escomar. |
|
| 505 | 0 |
_gTomo 6. _aEscombra-Grupeto. |
|
| 505 | 0 |
_gTomo 7. _aGrupí-lenzal. |
|
| 505 | 0 |
_gTomo 8. _aLenzuelo-nanquín. |
|
| 505 | 0 |
_gTomo 9. _aNansa-pingajo. |
|
| 505 | 0 |
_gTomo 10. _aPingajoso-resucitación. |
|
| 505 | 0 |
_gTomo 11. _aResucitado-terral. |
|
| 505 | 0 |
_gTomo 12. _aTerramicina-zuzón. |
|
| 526 | _aSEG44 | ||
| 526 | _aSEG26 | ||
| 526 | _aP151 | ||
| 526 | _aP150 | ||
| 526 | _aP149 | ||
| 526 | _aP146 | ||
| 526 | _aP145 | ||
| 526 | _aP126 | ||
| 526 | _aP125 | ||
| 526 | _aP92 | ||
| 526 | _aP75 | ||
| 526 | _aP74 | ||
| 526 | _aP27 | ||
| 526 | _aP15 | ||
| 650 | 0 |
_aLengua española _vDiccionarios. |
|
| 910 |
_ajck _bjck _cjck _d20151012 |
||
| 942 |
_2ddc _cBOOK |
||
| 949 |
_aRC 463d R31 2015 1 _wDEWEY _c1 _i71997 _lRC _mBUL _p7.86 _r0 _sY _tBOOK _u2015-10-12 _xBIBLIOTECA _zUNKNOWN _0COMPRA _o.STAFF. Referencia y consulta |
||
| 949 |
_aRC 463d R31 2015 2 _wDEWEY _c1 _i71998 _lRC _mBUL _p7.86 _r0 _sY _tBOOK _u2015-10-12 _xBIBLIOTECA _zUNKNOWN _0COMPRA _o.STAFF. Referencia y consulta |
||
| 949 |
_aRC 463d R31 2015 3 _wDEWEY _c1 _i71999 _lRC _mBUL _p7.86 _r0 _sY _tBOOK _u2015-10-12 _xBIBLIOTECA _zUNKNOWN _0COMPRA _o.STAFF. Referencia y consulta |
||
| 949 |
_aRC 463d R31 2015 4 _wDEWEY _c1 _i72000 _lRC _mBUL _p7.86 _r0 _sY _tBOOK _u2015-10-12 _xBIBLIOTECA _zUNKNOWN _0COMPRA _o.STAFF. Referencia y consulta |
||
| 949 |
_aRC 463d R31 2015 5 _wDEWEY _c1 _i72001 _lRC _mBUL _p7.86 _r0 _sY _tBOOK _u2015-10-12 _xBIBLIOTECA _zUNKNOWN _0COMPRA _o.STAFF. Referencia y consulta |
||
| 949 |
_aRC 463d R31 2015 6 _wDEWEY _c1 _i72002 _lRC _mBUL _p7.86 _r0 _sY _tBOOK _u2015-10-12 _xBIBLIOTECA _zUNKNOWN _0COMPRA _o.STAFF. Referencia y consulta |
||
| 949 |
_aRC 463d R31 2015 7 _wDEWEY _c1 _i72003 _lRC _mBUL _p7.86 _r0 _sY _tBOOK _u2015-10-12 _xBIBLIOTECA _zUNKNOWN _0COMPRA _o.STAFF. Referencia y consulta |
||
| 949 |
_aRC 463d R31 2015 8 _wDEWEY _c1 _i72004 _lRC _mBUL _p7.86 _r0 _sY _tBOOK _u2015-10-12 _xBIBLIOTECA _zUNKNOWN _0COMPRA _o.STAFF. Referencia y consulta |
||
| 949 |
_aRC 463d R31 2015 9 _wDEWEY _c1 _i72005 _lRC _mBUL _p7.86 _r0 _sY _tBOOK _u2015-10-12 _xBIBLIOTECA _zUNKNOWN _0COMPRA _o.STAFF. Referencia y consulta |
||
| 949 |
_aRC 463d R31 2015 10 _wDEWEY _c1 _i72006 _lRC _mBUL _p7.86 _r0 _sY _tBOOK _u2015-10-12 _xBIBLIOTECA _zUNKNOWN _0COMPRA _o.STAFF. Referencia y consulta |
||
| 949 |
_aRC 463d R31 2015 11 _wDEWEY _c1 _i72007 _lRC _mBUL _p7.86 _r0 _sY _tBOOK _u2015-10-12 _xBIBLIOTECA _zUNKNOWN _0COMPRA _o.STAFF. Referencia y consulta |
||
| 949 |
_aRC 463d R31 2015 12 _wDEWEY _c1 _i72008 _lRC _mBUL _p7.86 _r0 _sY _tBOOK _u2015-10-12 _xBIBLIOTECA _zUNKNOWN _0COMPRA _o.STAFF. Referencia y consulta |
||
| 994 |
_aC0 _bPEPRU |
||
| 596 | _a1 | ||
| 999 |
_aRC 463D R31 2015 1 _wDEWEY _c7548 _i71997 _f2021-11-9 _g5 _lCCODEBUL1 _mBUL _p7.86 _r1 _sY _tBOOK _u2015-10-12 _xEDUCACION _zUNKNOWN _0COMPRA _o.STAFF. Referencia y consulta _d7548 |
||
| 999 |
_aRC 463D R31 2015 2 _wDEWEY _c1 _i71998 _f2021-11-9 _g5 _lCCODEBUL1 _mBUL _p7.86 _r1 _sY _tBOOK _u2015-10-12 _xEDUCACION _zUNKNOWN _0COMPRA _o.STAFF. Referencia y consulta |
||
| 999 |
_aRC 463D R31 2015 3 _wDEWEY _c1 _i71999 _f2021-11-9 _g5 _lCCODEBUL1 _mBUL _p7.86 _r1 _sY _tBOOK _u2015-10-12 _xEDUCACION _zUNKNOWN _0COMPRA _o.STAFF. Referencia y consulta |
||
| 999 |
_aRC 463D R31 2015 4 _wDEWEY _c1 _i72000 _f2021-11-9 _g5 _lCCODEBUL1 _mBUL _p7.86 _r1 _sY _tBOOK _u2015-10-12 _xEDUCACION _zUNKNOWN _0COMPRA _o.STAFF. Referencia y consulta |
||
| 999 |
_aRC 463D R31 2015 5 _wDEWEY _c1 _i72001 _f2021-11-9 _g5 _lCCODEBUL1 _mBUL _p7.86 _r1 _sY _tBOOK _u2015-10-12 _xEDUCACION _zUNKNOWN _0COMPRA _o.STAFF. Referencia y consulta |
||
| 999 |
_aRC 463D R31 2015 6 _wDEWEY _c1 _i72002 _f2021-11-9 _g5 _lCCODEBUL1 _mBUL _p7.86 _r1 _sY _tBOOK _u2015-10-12 _xEDUCACION _zUNKNOWN _0COMPRA _o.STAFF. Referencia y consulta |
||
| 999 |
_aRC 463D R31 2015 7 _wDEWEY _c1 _i72003 _f2021-11-9 _g5 _lCCODEBUL1 _mBUL _p7.86 _r1 _sY _tBOOK _u2015-10-12 _xEDUCACION _zUNKNOWN _0COMPRA _o.STAFF. Referencia y consulta |
||
| 999 |
_aRC 463D R31 2015 8 _wDEWEY _c1 _i72004 _f2021-11-9 _g5 _lCCODEBUL1 _mBUL _p7.86 _r1 _sY _tBOOK _u2015-10-12 _xEDUCACION _zUNKNOWN _0COMPRA _o.STAFF. Referencia y consulta |
||
| 999 |
_aRC 463D R31 2015 9 _wDEWEY _c1 _i72005 _f2021-11-9 _g5 _lCCODEBUL1 _mBUL _p7.86 _r1 _sY _tBOOK _u2015-10-12 _xEDUCACION _zUNKNOWN _0COMPRA _o.STAFF. Referencia y consulta |
||
| 999 |
_aRC 463D R31 2015 10 _wDEWEY _c1 _i72006 _f2021-11-9 _g5 _lCCODEBUL1 _mBUL _p7.86 _r1 _sY _tBOOK _u2015-10-12 _xEDUCACION _zUNKNOWN _0COMPRA _o.STAFF. Referencia y consulta |
||
| 999 |
_aRC 463D R31 2015 11 _wDEWEY _c1 _i72007 _f2021-11-9 _g5 _lCCODEBUL1 _mBUL _p7.86 _r1 _sY _tBOOK _u2015-10-12 _xEDUCACION _zUNKNOWN _0COMPRA _o.STAFF. Referencia y consulta |
||
| 999 |
_aRC 463D R31 2015 12 _wDEWEY _c1 _i72008 _f2021-11-9 _g5 _lCCODEBUL1 _mBUL _p7.86 _r1 _sY _tBOOK _u2015-10-12 _xEDUCACION _zUNKNOWN _0COMPRA _o.STAFF. Referencia y consulta |
||
| 980 |
_81 _gALBERTO SANCHEZ Responsable de Automatización |
||